The 823rd hit
To keep Teddy "Bear" Larrabee happy and slugging, Chad the bat boy has to figure out what a crabby fan would be willing to trade for Teddy's lucky homerun ball.
Na minha lista:
| Autor principal: | |
|---|---|
| Outros Autores: | |
| Formato: | Livro |
| Idioma: | English |
| Publicado em: |
New York
Amulet Books
2012.
|
| Colecção: | A Topps league story
bk. 4 |
| Assuntos: | |
| Tags: |
Adicionar Tag
Sem tags, seja o primeiro a adicionar uma tag!
|
| Thư viện lưu trữ: | Mạng thư viện Đại học Đà Nẵng |
|---|
| LEADER | 01431nam a2200373 4500 | ||
|---|---|---|---|
| 001 | 000024614 | ||
| 003 | 21102 | ||
| 005 | 20161215101256.0 | ||
| 008 | 161215s2012 engsd | ||
| 020 | |a 9781419704468 (hardcover : alk. paper) |a 9781419704451 (pbk. : alk. paper) | ||
| 041 | 0 | |a eng | |
| 082 | 0 | 0 | |a 813.6 |b SC-K |
| 100 | 1 | |a Scaletta, Kurtis. |q (Laura Ann) | |
| 245 | 1 | 4 | |a The 823rd hit |c by Kurtis Scaletta ; illustrated by Eric Wight. |
| 246 | 3 | |a Eight hundred and twenty-third hit | |
| 260 | |a New York |b Amulet Books |c 2012. | ||
| 300 | |a 105 p. |b ill. |c 20 cm. | ||
| 490 | |a A Topps league story |v bk. 4 | ||
| 520 | 3 | |a To keep Teddy "Bear" Larrabee happy and slugging, Chad the bat boy has to figure out what a crabby fan would be willing to trade for Teddy's lucky homerun ball. | |
| 650 | 1 | |a Baseball |v Fiction | |
| 650 | 1 | |a Bat boys |v Fiction | |
| 650 | 1 | |a Baseball cards |v Fiction | |
| 653 | |a Stories | ||
| 700 | 1 | |a Wight, Eric |d 1974- |d 1978- |d 1906-1998. | |
| OWN | |a LSP | ||
| AVA | |a UDN50 |b LSP |d 813.6 SC-K |e available |t Error 5001 Not defined in file expand_doc_bib_avail. |f 1 |g 0 |h N |i 0 |k 1 | ||
| 999 | |a From the UDN01 | ||
| AVA | |a UDN50 |b LSP |d 813.6 SC-K |e available |t Error 5001 Not defined in file expand_doc_bib_avail. |f 1 |g 0 |h N |i 0 |k 1 | ||
| TYP | |a Monograph | ||
| TYP | |a Printed language | ||
| 980 | |a Mạng thư viện Đại học Đà Nẵng | ||


